1871 1354 1017 1102 1592 1038 1836 1256 1577 1485 1489 1470 1669 1378 1371 1815 1742 1650 1341 1427 1915 1012 1157 1359 1828 1031 1204 1715 1102 1532 1398 1716 1517 1899 1116 1791 1792 1783 1072 1682 1986 1216 1215 1062 1024 1790 1943 1562 1871 1316 1787 1019 1910 1527 1943 1882 1923 1117 1029 1454 1775 1476 1750 1175 1500 1608 1598 1865 1428 1490 1601 1299 1470 1660 1596 1554 1358 1086 1068 1728 1754 1856 1963 1861 1112 1762 1722 1235 1477 1692 1008 1443 1275 1474 1793 1913 1538 1899 1488 BCNSPRNW ULIB Ver.6.0+V

เปลี่ยนเป็นภาษาไทย

Change to English
 แสดงรายละเอียดบรรณานุกรม
  กลับหน้าหลัก

Brief Record : Get Marc (ISO 2709) : E-mail record : QR code < ปิดหน้าต่าง
LEADER : 00000nam 2200000uu 4500
001    13399114441
003     ULIB
008    120402s2552||||th 000 0 tha d
020    ^a9786117017216
090    ^aนว.^bก791ข
100 0  ^aแก้วชวาลา
245 00 ^aข้ามฟ้ามาอ้อนรัก/^cแก้วชวาลา
250    ^aพิมพ์ครั้งที่ 1
260    ^aกรุงเทพฯ :^bอักษรศาสตร์,^c2552
300    ^a293 หน้า
710 1  ^aอักษรศาสตร์
945    ^p249^l0^i15938
995    ^aกัณชพร
999    ^aใช้งานได้ทุกระบบ
รายการนี้ยังไม่มีแท็ก
คุณยังไม่ได้ล็อกอิน คุณสามารถมีกิจกรรมร่วมกับเว็บไซต์ได้ แต่ต้องล็อกอินก่อน ::
  ล็อกอิน

รายการสื่อสารสนเทศ

ลำดับที่ ประเภท เลขเรียก/บาร์โค้ด สถานที่ สถานะ
1. นวนิยาย
นวนิยาย
นว. ก791ข  
  Barcode: 15938
ห้องสมุดวิทยาเขตสวรรค์ประชารักษ์
►นวนิยาย
บนชั้น
  ขอยืม

รายการใกล้เคียง
    ผู้แต่ง [แก้วชวาลา]

BibComment


ยังไม่เคยถูกคอมเมนท์

คอมเมนท์ทรัพยากรรายการนี้
  คอมเมนท์: ข้ามฟ้ามาอ้อนรัก..


 Copyright 2026. Bcnsprnw @Library